Pohybová aktivita krok za krokem Průvodce a tréninkový deník pro onkologické pacienty
Saved in:
| Main Author | |
|---|---|
| Other Authors | , , , |
| Format | Electronic eBook |
| Language | Czech |
| Published |
Masarykova univerzita
2025
|
| Edition | 1. elektronické vydání |
| Subjects | |
| Online Access | Dostupné v BOOKPORT po přihlášení pomocí eduID |
| ISBN | 978-80-280-0746-1 978-80-280-0745-4 |
| Physical Description | 1 online zdroj (54 stran) |
| LEADER | 00000nam a2200000 i 4500 | ||
|---|---|---|---|
| 001 | bkp400251941 | ||
| 003 | CZ-prgp | ||
| 005 | 20260113112142.0 | ||
| 006 | m o d | ||
| 007 | cr cn | ||
| 008 | 260113s2025 xr o 000 0 cze | ||
| 020 | |a 978-80-280-0746-1 |c 153 Kč |q (online ; pdf) | ||
| 020 | |a 978-80-280-0745-4 |c 180 Kč |q (print) | ||
| 040 | |a Grada |b cze |e rda | ||
| 100 | 1 | |a Kateřina, Kapounková | |
| 245 | 1 | 0 | |a Pohybová aktivita krok za krokem |b Průvodce a tréninkový deník pro onkologické pacienty |c Kapounková Kateřina, Hrnčiříková Iva, Šimonová Marie, Bazalová Pavlína, Kapounková Karolína |
| 250 | |a 1. elektronické vydání | ||
| 264 | 1 | |b Masarykova univerzita |c 2025 | |
| 300 | |a 1 online zdroj (54 stran) | ||
| 336 | |a text |b txt |2 rdacontent | ||
| 337 | |a počítač |b c |2 rdamedia | ||
| 338 | |a online zdroj |b cr |2 rdacarrier | ||
| 520 | 3 | |a Publikace slouží jako praktický průvodce a motivační nástroj pro onkologické pacienty, kteří chtějí bezpečně a efektivně začlenit pohyb do svého života před, během i po léčbě. Přehledně vysvětluje přínosy pohybové aktivity, nabízí doporučení pro výběr vhodných forem cvičení a přináší návod, jak sledovat vlastní pokrok. Součástí je i tréninkový deník, který pomáhá pacientům sledovat pohybové aktivity, míru únavy a srdeční tep. Cílem publikace je podpořit fyzickou i psychickou kondici pacientů, zvýšit kvalitu jejich života a usnadnit návrat k běžným denním činnostem. Významnou roli hraje individualizace a sebereflexe prostřednictvím strukturovaného záznamu a odborných doporučení. | |
| 650 | 0 | 4 | |a Onkologie |
| 700 | 1 | |a Hrnčiříková Iva | |
| 700 | 1 | |a Šimonová Marie | |
| 700 | 1 | |a Bazalová Pavlína | |
| 700 | 1 | |a Kapounková Karolína | |
| 856 | 4 | 0 | |u https://www.bookport.cz/AccountSaml/SignIn/?idp=https://shibboleth.utb.cz/idp/shibboleth&returnUrl=/kniha/pohybova-aktivita-krok-za-krokem-15664/ |y Dostupné v BOOKPORT po přihlášení pomocí eduID |